000 01620cam a22004337a 4500
001 16321276
003 OSt
005 20240216091408.0
008 100604s2010 gw a b 001 0 eng
010 _a 2010450362
015 _aGBA9C6152
_2bnb
016 7 _a015449172
_2Uk
020 _a9783836520935 (pbk.)
020 _a3836520931 (pbk.)
035 _a(OCoLC)ocn489637602
040 _aUKM
_cUKM
_dYDXCP
_dOHX
_dCPL
_dNYP
_dDLC
041 0 _aeng
_afre
_ager
042 _alccopycat
050 0 0 _aTS171.4
_b.R45 2010
082 0 4 _a745.4
_222
_bREI
100 1 _aReis, Dalcacio.
_9120605
245 1 0 _aProduct design in the sustainable era /
_cDalcacio Reis ; ed., Julius Wiedemann.
246 1 _iParallel title on cover:
_aDesign de produits à l'ère du développement durable
246 1 _iParallel title on cover:
_aProduktdesign im Zeitalter der Nachhaltigkeit
260 _aKöln :
_bTaschen,
_cc2010.
300 _a439 p. :
_bcol. ill. ;
_c26 cm.
500 _a"English revision, Chris Allen"--Colophon.
504 _aIncludes bibliographical references and index.
546 _aText in English, French, and German.
650 0 _aIndustrial design
_xEnvironmental aspects.
_932638
650 0 _aSustainable design.
_925896
650 0 _aCommercial products
_xEnvironmental aspects.
_9120606
650 0 _aProduct design.
_99322
700 1 _aWiedemann, Julius.
_9120607
906 _a7
_bcbc
_ccopycat
_d2
_encip
_f20
_gy-gencatlg
942 _2ddc
_cBK
_aSADA
_k745.4 REI 2010
999 _c607798
_d607798